000 01024 a2200253 4500
005 20251224111901.0
008 251224b |||||||| |||| 00| 0 eng d
020 _a9788177024708 (hbk)
037 _cREF
040 _aCRL
_cCRL
041 _2hin
_ahin
_hsan
084 _aQ1:24k 152R1(RR)
_qCRL
100 _aविद्यालंकार, सुभाष
_9821799
245 _aयोग - उपनिषद कोष
260 _aदिल्ली, भारत:
_bप्रतिभा प्रकाशन,
_c2021.
300 _a475पृ.
365 _b1595.00
_cINR
546 _aTranslated from Sanskrit to Hindi
650 _aधर्म
_9859266
650 _aउपनिषद
_9859267
650 _aकोश
_9859268
942 _cREF
_2CC
_n0
_hQ1:24k 152R1(RR)
999 _c1435688
_d1435688